| 000 | 00371nam a2200157Ia 4500 | ||
|---|---|---|---|
| 008 | 230524s9999 xx 000 0 und d | ||
| 082 |
_a612 _bGAN |
||
| 100 |
_aS.D.Gangane _923707 |
||
| 245 | 0 | _aViva Voce in Anatomy | |
| 250 | _a2ND | ||
| 260 |
_aNEW DELHI _bElsevier _c2006 |
||
| 300 | _aV;331 | ||
| 500 | _aQuantity Number: 1 | ||
| 650 | _aBiomedical | ||
| 942 | _cBK | ||
| 999 |
_c35249 _d35249 |
||